Gaming Quiz

Random Gaming or Mario Quiz

Super Mario Galaxy...Galaxies Quiz Stats

 Plays Quiz Updated Mar 27, 2020

Support Sporcle.
Go Orange.
Score 0/36 Timer 10:00
0 Plays Today
Location Galaxy % Correct
The TerraceGood Egg Galaxy
83%
The TerraceHoneyhive Galaxy
72.4%
The GateGateway Galaxy
65.7%
The Engine RoomToy Time Galaxy
63.6%
The FountainSpace Junk Galaxy
62.5%
The BedroomGusty Garden Galaxy
61.7%
The FountainBattlerock Galaxy
61.6%
The KitchenBeach Bowl Galaxy
58.5%
The TerraceLoopdeeloop Galaxy
58.4%
The BedroomFreezeflame Galaxy
56.4%
Hungry LumaSweet Sweet Galaxy
53.7%
The TerraceFlipswitch Galaxy
52.9%
The GardenDreadnought Galaxy
52.1%
The GardenMelty Molten Galaxy
51.5%
Trial GalaxyLoopdeeswoop Galaxy
50.9%
The BedroomDusty Dune Galaxy
50.5%
The KitchenGhostly Galaxy
49.4%
The Engine RoomGold Leaf Galaxy
48.2%
Location Galaxy % Correct
The GardenDeep Dark Galaxy
47.1%
The FountainRolling Green Galaxy
45.9%
The KitchenBuoy Base Galaxy
45.6%
Trial GalaxyRolling Gizmo Galaxy
41.1%
The Engine RoomSea Slide Galaxy
40.4%
The GardenMatter Splatter Galaxy
40.1%
The Engine RoomBonefin Galaxy
39.4%
The KitchenBubble Breeze Galaxy
38.3%
SpecialGrand Finale Galaxy
38.2%
The BedroomHoneyclimb Galaxy
37.2%
Trial GalaxyBubble Blast Galaxy
37.2%
Hungry LumaSling Pod Galaxy
35.3%
Hungry LumaBigmouth Galaxy
34.5%
The FountainHurry-Scurry Galaxy
32.8%
Hungry LumaDrip Drop Galaxy
32.3%
Hungry LumaSnow Cap Galaxy
30.2%
Hungry LumaSand Spiral Galaxy
28.3%
Hungry LumaBoo's Boneyard Galaxy
26.5%

From the Vault

Separated Cities (UK) II

by beforever

Help these cities feel whole again.
Remove Ads.
Support Sporcle.
Get the best of Sporcle when you Go Orange. This ad-free experience offers more features, more stats, and more fun while also helping to support Sporcle. Thank you for becoming a member.

Show Comments

Extras

Top Quizzes Today


Score Distribution

Your Account Isn't Verified!

In order to create a playlist on Sporcle, you need to verify the email address you used during registration. Go to your Sporcle Settings to finish the process.

Report this User

Report this user for behavior that violates our Community Guidelines.

Details: